000 00882nam a2200265Ia 4500
003 OSt
005 20220926030614.0
006 a|||||r|||| 00| 0
007 ta
008 220923b |||||||| |||| 00| 0 eng d
020 _a9780691137995
_c3919.5799999999999
037 _b110, 31/12/2015, PIONEER BOOK DISTRIBUTORS
_cGeneral Book
040 _aRTL
_cRTL
_beng
041 _2eng
_aeng
082 _aX0gF, Q0
100 _aGREENHALGH Christine
_9334609
245 0 _aInnovation, intellectual property and economic growth
260 _aPrinceton
_bPrinceton University Press
_c2010
300 _axvii, 366p
_ccm.
500 _aBibliography: 333-342p.
650 _aEconomics
700 _a ROGERS Mark
_9334610
942 _hX0gF, Q0
_cGB
_2CC
999 _c650306
_d650306